| 000 | 00768nam a22001937a 4500 | ||
|---|---|---|---|
| 005 | 20240812113123.0 | ||
| 008 | 240812e2020 ck a|||| |||| 00| 0 spa d | ||
| 020 | _a9789585595309 | ||
| 040 |
_aCO-JMCR _cCO-JMCR _dCO-JMCR _espa |
||
| 041 | _aspa | ||
| 082 |
_aC _bTREt |
||
| 110 |
_aBogotá (Colombia) _bAlcaldía Mayor de Bogotá _bSecretaria de Cultura, Recreación y Deporte-SCRD _bInstituto Distrital de las Artes (IDARTES) _943785 |
||
| 245 |
_aTrece relatos nórdicos ; _cInstituto Distrital de las Artes (IDARTES) |
||
| 260 |
_aBogotá _bInstituto Distrital de las Artes (IDARTES) _c2020 |
||
| 300 |
_a144 páginas : _bIlustraciones a blanco y negro ; _c16 cm |
||
| 650 | 1 | 4 |
_2JMCR _aCuentos infantiles |
| 650 | 2 | 4 |
_2JMCR _aLiteratura nordica _943786 |
| 942 |
_2ddc _cBK |
||
| 999 |
_c30800 _d17184 |
||